LIBRARY & INFORMATION CENTRE, KCAET, TAVANUR

ONLINE PUBLIC ACCESS CATALOGUE (OPAC)

Improving Agricultural Education Concepts and Methods (Record no. 14653)

MARC details
000 -LEADER
fixed length control field 00351nam a22001337a 4500
020 ## - INTERNATIONAL STANDARD BOOK NUMBER
ISBN 9788176222563
082 ## - DEWEY DECIMAL CLASSIFICATION NUMBER
Classification number 630.7
Item number BIR/IM
245 ## - TITLE STATEMENT
Title Improving Agricultural Education Concepts and Methods
260 ## - PUBLICATION, DISTRIBUTION, ETC. (IMPRINT)
Place of publication New Delhi
Name of publisher Biotech Books
Year of publication 2012
300 ## - PHYSICAL DESCRIPTION
Number of Pages 305
700 ## - ADDED ENTRY--PERSONAL NAME
Personal name Birendra Kumar
700 ## - ADDED ENTRY--PERSONAL NAME
Personal name Kashyap Shivendra K.
942 ## - ADDED ENTRY ELEMENTS (KOHA)
Koha item type Books
Holdings
Withdrawn status Lost status Damaged status Collection code Home library Current library Shelving location Date acquired Source of acquisition Cost, normal purchase price Full call number Accession Number Koha item type
        KAUAET KAUAET General Stacks 23/07/2016 Universal Research Books. 1090.00 630.7 BIR/IM 24293 Books
free website counter